| 000 | 01150cam a2200313 i 4500 | ||
|---|---|---|---|
| 001 | 2098 | ||
| 005 | 20240221100605.0 | ||
| 020 | _a9780545750257 | ||
| 040 |
_aDLC _beng _erda _cDLC |
||
| 050 | 0 | 0 |
_aPZ7.H1996 _bEch 2015 |
| 082 | 0 | 0 | _a813.6 |
| 100 | 1 |
_aHapka, Cathy _eauthor |
|
| 245 | 1 | 0 |
_aEcho's lucky charm / _cby Catherine Hapka ; illustrated by Hollie Hibbert |
| 260 |
_aNew York : _bScholastic, _c2015 |
||
| 300 |
_a92 pages : _billustrations _c20 cm |
||
| 490 | 0 |
_aDolphin school ; _v2 |
|
| 505 | _aK | ||
| 520 | _aEcho is helping her friends, Pearl, Splash, and Flip study for their first test in Magic class at dolphin school, but when Echo loses her lucky shell necklace she is barely able to do any magic until the friends finally find the shell--and a big surprise. | ||
| 521 | 2 |
_a600 _bLexile |
|
| 521 | 0 |
_aK _bRaz-Plus |
|
| 650 | 1 |
_aDolphins _vFiction. |
|
| 650 | 1 |
_aMagic _vFiction. |
|
| 650 | 1 |
_aExaminations _vFiction. |
|
| 650 | 1 |
_aLost and found possessions _vFiction. |
|
| 650 | 1 |
_aSchools _vFiction. |
|
| 700 | 1 |
_aHibbert, Hollie _eillustrator |
|
| 906 |
_a7 _bcbc _corignew _d2 _encip _f20 _gy-gencatlg |
||
| 942 |
_2ddc _cBK _n0 |
||
| 999 |
_c2098 _d2098 |
||